000 00708nam a22002297a 4500
005 20170124105943.0
010 _aA-351838
020 _c00.00
_a8170242045
035 _aA-351838
037 _bCen Lib/Ret
040 _aDPL
_bEN
082 _a332.01
_bDEB
100 _aDeb, Kalipada
_911641
245 _aIndia banking since independence /
_cby Kalipada Deb
260 _aNew Delhi
_bAshish Publishing House
_c1988
270 _bNew Delhi
_e110026
_a8/81, Punjabi Bagh
300 _axi,360p.
_c21cm(Hb)
500 _aIncludes bibliographical references and index
650 _aBanking system
_911642
650 _aPlanned development
_911643
942 _2ddc
_cEN
_h332.1
_mDEB
999 _c124697
_d124697